Statistics for Who won each state in 1992

Click here to take the quiz!

General Stats

  • This quiz has been taken 13 times
  • The average score is 51 of 53

Answer Stats

StateCandidate% Correct
LouisianaBill Clinton
100%
New MexicoBill Clinton
100%
MissouriBill Clinton
100%
IowaBill Clinton
100%
MinnesotaBill Clinton
100%
GeorgiaBill Clinton
100%
TennesseeBill Clinton
100%
KentuckyBill Clinton
100%
IllinoisBill Clinton
100%
HawaiiBill Clinton
100%
WisconsinBill Clinton
100%
ColoradoBill Clinton
100%
MichiganBill Clinton
100%
NevadaBill Clinton
100%
OhioBill Clinton
100%
MontanaBill Clinton
100%
West VirginiaBill Clinton
100%
WashingtonBill Clinton
100%
OregonBill Clinton
100%
CaliforniaBill Clinton
100%
ArkansasBill Clinton
100%
IndianaGeorge Bush
100%
North CarolinaGeorge Bush
100%
South CarolinaGeorge Bush
100%
FloridaGeorge Bush
100%
AlabamaGeorge Bush
100%
AlaskaGeorge Bush
100%
MississippiGeorge Bush
100%
OklahomaGeorge Bush
100%
North DakotaGeorge Bush
100%
WyomingGeorge Bush
100%
ArizonaGeorge Bush
100%
UtahGeorge Bush
100%
TexasGeorge Bush
100%
IdahoGeorge Bush
100%
KansasGeorge Bush
100%
Nebraska's 1stGeorge Bush
100%
Nebraska's 2ndGeorge Bush
100%
Nebraska's 3rdGeorge Bush
100%
NebraskaGeorge Bush
100%
South DakotaGeorge Bush
100%
ConnecticutBill Clinton
92%
New YorkBill Clinton
92%
New JerseyBill Clinton
92%
PennsylvaniaBill Clinton
92%
DelawareBill Clinton
92%
MarylandBill Clinton
92%
VirginiaGeorge Bush
92%
Rhode IslandBill Clinton
75%
MassachusettsBill Clinton
75%
VermontBill Clinton
67%
New HampshireBill Clinton
67%
MaineBill Clinton
67%

Score Distribution

Percentile by Number Answered

Percent of People with Each Score

Your Score History

You have not taken this quiz